Can Papiol Romantic Museum : guide / Texts: Assumpta Gou i Vernet ; Photographs: Miquel Alentorn, Oriol Clavell ; [Translation: Discobole] guide / Texts:
ISBN:
84-7794-783-X
Descripción Física:
32 p. : il., col. ; 22 cm
MARC
| LEADER | 00000nam a2200000Ia 4500 | ||
|---|---|---|---|
| 001 | 13276 | ||
| 003 | BGR | ||
| 005 | 20260324175606.0 | ||
| 008 | 160829s2001 xx 000 0 cat d | ||
| 020 | |a 84-7794-783-X | ||
| 080 | |a FU-14-92 | ||
| 110 | 1 | |a Museu Romàntic Can Papiol |9 70713 | |
| 245 | |a Can Papiol Romantic Museum : |b guide / Texts: |b Assumpta Gou i Vernet ; Photographs: |b Miquel Alentorn, Oriol Clavell ; [Translation: |b Discobole] | ||
| 260 | |a Barcelona : |b Diputació de Barcelona. Àrea de Cultura, |c 2001 | ||
| 300 | |a 32 p. : |b il., col. ; |c 22 cm | ||
| 590 | |a Altres exemplars en català: FU-12-90, FU-14-91 (2a. ed.) | ||
| 650 | |a Museu Romàntic Can Papiol |x Guies |9 30630 | ||
| 650 | |a Museus |x Catalunya |x Guies |9 49099 | ||
| 700 | 1 | |a Alentorn, Miquel |9 30631 | |
| 700 | |a Clavell, Oriol, fot. |9 30632 | ||
| 700 | |a Gou i Vernet, Assumpta |9 30633 | ||
| 710 | 1 | |a Barcelona (Catalunya : Província). |b Àrea de Cultura |9 53536 | |
| 710 | 2 | |a Discobole |9 70712 |e tr. | |
| 901 | |a Arxiu | ||
| 942 | |n 1 |2 udc |c MON | ||
| 952 | |0 0 |1 0 |4 0 |6 FU1492 |7 1 |9 46496 |a Arxiu |b Arxiu |d 2016-12-01 |l 0 |o FU-14-92 |p 13276 |r 2016-12-01 00:00:00 |w 2016-12-01 |y ARXIU | ||
| 999 | |c 50286 |d 50286 | ||